| 000 | 00677nam a2200181Ia 4500 | ||
|---|---|---|---|
| 003 | GCL | ||
| 008 | 140319s9999 xx 000 0 eng d | ||
| 040 |
_aGCL / _cGCL |
||
| 082 | 0 | 4 |
_a337.47 _bP U |
| 245 | 1 | 0 |
_aTHE USSR AND INTERNAITONAL ECONOMIC RELATIONS : _bA COLLECTION OF DOCUMENTS ON THE USSR 'S STAND ON THE STRUCTURING OF INTERNATIONAL ECONOMIC RELATIONS AND THE STABLISHMENT OF A NEW INTERNAITONAL ECONOMIC |
| 260 |
_aروسيا : _bPROGRESS PUBLISHERS ، _c1985 |
||
| 300 |
_a21 CM ؛ _c493 P |
||
| 650 | 0 | 4 | _aECONOMICS |
| 650 | 0 | 4 | _aINTERNATIONAL ECONOMIC RELATIONS |
| 650 | 0 | 4 | _aECONOMIC RELTAIONS - SOVIET UNION |
| 650 | 0 | 4 | _aECONOMIC RELATIONS |
| 942 |
_2ddc _cBK |
||
| 999 |
_c4813 _d4813 |
||